000 00473cam a22001691 4500
005 20250901165556.0
008 710521s1968 enk b 000 0 eng
010 _a 68134886
020 _a0330020315
050 0 0 _aHD70.U5 D7 1968
_bD7 1968
082 0 0 _a658
100 1 _aDrucker, Peter F.
_q(Peter Ferdinand),
_d1909-2005.
245 1 4 _aThe practice of management
_c[by] Peter F. Drucker.
260 _aLondon,
_bPan,
_c1968.
300 _a479 p.
_c18 cm.
942 _2ddc
999 _c6117
_d6117